Megacity Countries - Sudden Death - Statistics

General Stats
  • This quiz has been taken 60 times
  • The average score is 8 of 15
Answers on the Grid
Answers color-coded by a green-red scale on the quiz's grid according to % correct below.
China
India
Indonesia
USA
Brazil
Thailand
South Korea
Bangladesh
Colombia
Iran
Argentina
Taiwan
Germany
France
Vietnam
North Korea
Malaysia
Angola
Afghanistan
Iraq
Singapore
Kenya
Côte d'Ivoire
Saudi Arabia
Myanmar
Morocco
Kazakhstan
Italy
Israel
Ethiopia
 
Answer Stats
Answer % Correct
China
81%
Brazil
79%
USA
71%
India
69%
Indonesia
67%
South Korea
60%
Bangladesh
56%
Thailand
54%
Vietnam
52%
Argentina
46%
Iran
46%
Colombia
44%
France
33%
Taiwan
19%
Germany
10%
No matching quizzes found
Score Distribution
Percent of People with Each Score
Percentile by Number Answered
Your Score History
You have not taken this quiz